| 000 | 00584nam a2200229 a 4500 | ||
|---|---|---|---|
| 999 |
_c6072 _d6072 |
||
| 001 | 6072 | ||
| 003 | BD-JhCC | ||
| 005 | 20180101175700.0 | ||
| 008 | 180101s1964 e |||| || | 000 0 eng d | ||
| 035 | _a(BD-JhCC)6072 | ||
| 040 |
_aBD-JhCC _dBD-JhCC |
||
| 041 | _aeng | ||
| 082 |
_a822.408 _bWIF 1964 |
||
| 100 | _aWife, The Country | ||
| 245 |
_aThree Restoration Comedies / _cH. Northrop Frye |
||
| 260 |
_aLondon : _bMacmillan & CO, Ltd, _c1964 |
||
| 300 |
_a342 p. : _c21 cm. |
||
| 650 | _aEnglish Drama | ||
| 700 | _aFrye, H. Northrop | ||
| 942 |
_2ddc _cBK |
||